Qui a gagné ? Thème varié - Statistiques

Statistiques générales
  • Ce quiz a été pris 263 fois
  • Le résultat moyen est 7 sur 15
Statistiques - réponses
Qui a gagné... Réponse % Correct
... l'élection présidentielle au USA en 2021 ? Joe Biden
89%
... la première coupe du monde de Football Masculin ? Uruguay
87%
... l'édition 2022 de Roland Garros chez les hommes ? Rafael Nadal
86%
... le tournoi des 6 nations en 2022 ? France
77%
... la première édition de la Star Academy en France ? Jenifer
66%
... le championnat du monde de Formule 1 en 2021 ? Max Verstappen
60%
... le plus d'argent en 2021 parmis toutes les chanteuses du monde ? Rihanna
46%
... l'eurovision en 2022 ? Kalush Orchestra Ukraine
45%
... le plus d'argent au monde en 2021 ? Elon Musk
43%
... 3 tour de France consécutivement entre 2015 et 2017 ? Christopher Froome
40%
... l'émission "La Flamme" de Jonathan Cohen ? Orchidée
18%
... le premier ballon d'or féminin de Football. Ada Hegerberg
16%
... l'émission "Mask Singer" en 2022? Denitsa Ikonomova
7%
... la première édition de Koh Lanta en France ? Gilles
3%
... "Squid game", et a triomphé de toutes ces épreuves ? Seong Gi-hun
3%
Aucun quiz correspondant
Distribution des résultats
% des personnes avec chaque résultat
Percentile par nombre de réponses
Votre historique - résultats
Vous n’avez pas pris ce quiz